Dinosaures par images - Megaraptors - Statistiques

Statistiques générales
  • Ce quiz a été pris 11 fois
  • Le résultat moyen est 2 sur 13
Statistiques - réponses
Par images Réponse % Correct
Maip
63%
Megaraptor
63%
Australovenator
38%
Siats
25%
Fukuiraptor
13%
Joaquinraptor
13%
Orkoraptor
13%
Aerosteon
0%
Aoniraptor
0%
Murusraptor
0%
Phuwiangvenator
0%
Tratayenia
0%
Vayuraptor
0%
Aucun quiz correspondant
Distribution des résultats
% des personnes avec chaque résultat
Percentile par nombre de réponses
Votre historique - résultats
Vous n’avez pas pris ce quiz